Rizal without the overcoat (Record no. 59248)

MARC details
000 -LEADER
fixed length control field 00612nam a22001817a 4500
005 - DATE AND TIME OF LATEST TRANSACTION
control field 20230817143246.0
040 ## - CATALOGING SOURCE
Transcribing agency urs
050 ## - LIBRARY OF CONGRESS CALL NUMBER
Classification number DS 675.8 R5 O23 2012
100 ## - MAIN ENTRY--PERSONAL NAME
Personal name Ocampo, Ambeth R.,
Relator term author.
9 (RLIN) 2888
245 ## - TITLE STATEMENT
Title Rizal without the overcoat
Remainder of title in commemoration of Jose Rizal's 150th birth anniversary
Statement of responsibility, etc Ambeth R. Ocampo
260 ## - PUBLICATION, DISTRIBUTION, ETC. (IMPRINT)
Place of publication, distribution, etc Mandaluyong City
Name of publisher, distributor, etc Anvil Publishing, Inc.
Date of publication, distribution, etc 2012
336 ## - CONTENT TYPE
Source rdacontent
Content type term text
Content type code txt
337 ## - MEDIA TYPE
Source rdamedia
Media type term unmediated
Media type code n
338 ## - CARRIER TYPE
Source rdacarrier
Carrier type term volume
Carrier type code nc
600 #0 - SUBJECT ADDED ENTRY--PERSONAL NAME
9 (RLIN) 2846
Personal name Rizal, Jose, 1861-1896
650 #0 - SUBJECT ADDED ENTRY--TOPICAL TERM
Topical term or geographic name as entry element Heroes
Geographic subdivision Philippines
General subdivision Biography.
9 (RLIN) 2889
942 ## - ADDED ENTRY ELEMENTS (KOHA)
Source of classification or shelving scheme Library of Congress Classification
Koha item type Filipiniana
Holdings
Withdrawn status Lost status Source of classification or shelving scheme Damaged status Not for loan Home library Current library Shelving location Date acquired Total Checkouts Full call number Barcode Date last seen Price effective from Koha item type
    Library of Congress Classification     Binangonan College Library Binangonan College Library Filipiniana Section 11/07/2022   DS 675.8 R5 O23 2012 URSBIN-3100 11/07/2022 11/07/2022 Filipiniana

University of Rizal System
Email us at univlibservices@urs.edu.ph

Visit our Website www.urs.edu.ph/library